000 00610nab a2200193 4500
001 244442
003 OSt
005 20250617122009.0
007 tu
008 200917s2020|||||||
040 _aDE-2950
_cDE-2950
245 0 0 _aTankstelle wird zur Post-Filiale
_bVersand. Nach dem Aus für die Filiale in Hansa-Nord suchte man nach Alternativen - und wurde in der SB-Tankstelle fündig/
_csep
264 _c2024
653 _aFrankfurt (Oder)
653 _aHansa-Nord
653 _aPost-Filiale
773 0 _g36. Jahrgang (2025) Nr. 130 vom 06.06.2025, S. 13 mit Foto
_tMärkische Oderzeitung
942 _2z
_cA
999 _c373822
_d373822